| 000 | 00489nam a22001817a 4500 | ||
|---|---|---|---|
| 005 | 20140421124054.0 | ||
| 010 | _aENG-109319 | ||
| 020 |
_a9789350450536 _c150.00 |
||
| 035 | _aEN-92852 | ||
| 037 | _bDBAD/PUB | ||
| 082 | _a881 | ||
| 100 | _aRath,Basant | ||
| 245 |
_aOwn me, Srinagar / _cby Basant Rath |
||
| 260 |
_aKolkata _bWriters Workshop _c2013 |
||
| 270 |
_a162/92 Lake Gardens _bKolkata _e700045 |
||
| 300 |
_a72p. _c22cm(Hb) |
||
| 942 |
_2ddc _cEN _mRAT _h881 |
||
| 999 |
_c82561 _d82561 |
||